000 00575nam a2200229Ia 4500
003 OSt
005 20221007060717.0
006 a|||||r|||| 00| 0
007 ta
008 221006b |||||||| |||| 00| 0 eng d
024 _a14,118
037 _cTextual
040 _aFLL
_cFLL
_beng
041 _2eng
_aeng
082 _aX:5.2, L2
100 _aPrakash Om
245 0 _aBusiness leadership in India
260 _aAgra
_bSahitya Bhawan India
_c1972
300 _a187p
_ccm.
942 _hX:5.2, L2
_cTEXL
_2CC
999 _c1123180
_d1123180